000 00599nam a22002297a 4500
003 UA-OsUOA
001 87618
007 ta
008 20120920b un ||||| |||| 00| 0 ukr d
100 _aВрублевська В.
090 _a821.161.2
_bВ83
942 _cBK
040 _aUA-OsUOA
_bukr
_cUA-OsUOA
_dUA-OsUOA
245 _aЕмансипантка
_bповість
300 _a224 с.
955 _a3
041 _aukr
080 _a821.161.2
260 _aК.
_bМолодь
_c1989
650 7 _a82 Література. Літературознавство
_2UDC
999 _c373888
_d373888